[Event "Catalunya-chB"]
[Site "Spain"]
[Date "1996.11.24"]
[Round "8"]
[White "Martinez Godot, Francesco"]
[Black "Perez Gomez, Silvestre"]
[Result "1-0"]
[WhiteElo "1790"]
[BlackElo "1910"]
[PlyCount "45"]
[EventDate "1997.??.??"]
[EventType "swiss"]
[EventRounds "8"]
[EventCountry "ESP"]
[SourceTitle "EXT 2003"]
[Source "ChessBase"]
[SourceDate "2002.11.25"]
[SourceVersion "1"]
[SourceVersionDate "2002.11.25"]
[SourceQuality "1"]

1. e4 e5 2. Nf3 Nc6 3. Bb5 a6 4. Bxc6 dxc6 5. Nxe5 Qe7 6. d4 f6 7. Nf3 Qxe4+ 8. Be3 Bg4 9. Nc3 Bb4 10. Qd2 Bxc3 11. Qxc3 Bxf3 12. gxf3 Qxf3 13. Rg1 Ne7 14. Rg3 Qh1+ 15. Kd2 Qxa1 16. Rxg7 Qxa2 17. Qb4 Qe6 18. Qxb7 Qc8 19. Qb3 Rf8 20. Bh6 Nf5 21. Rxh7 Rb8 22. Qa3 Nxh6 23. Qe7# 1-0